ბათუმის შოთა რუსთაველის სახელმწიფო უნივერსიტეტის ბიბლიოთეკა

Группы и Алгебры Ли. Для студ. вузов обучающихся по спец. ,,Математической (ბიბ.ჩანაწერი № 38611)

000 -LEADER
fixed length control field 00668nam a2200193Ia 4500
001 - CONTROL NUMBER
control field 4766
003 - CONTROL NUMBER IDENTIFIER
control field GE_BSU
008 - FIXED-LENGTH DATA ELEMENTS--GENERAL INFORMATION
fixed length control field 181216s||||||||xx |||||||||||||| ||und||
040 ## - CATALOGING SOURCE
Transcribing agency GE_BSU
080 ## - UNIVERSAL DECIMAL CLASSIFICATION NUMBER
Universal Decimal Classification number 512.54(075.8)+512.81(075.8)
100 ## - MAIN ENTRY--PERSONAL NAME
Personal name Постников,М.М
245 ## - TITLE STATEMENT
Title Группы и Алгебры Ли. Для студ. вузов обучающихся по спец. ,,Математической
260 ## - PUBLICATION, DISTRIBUTION, ETC.
Place of publication, distribution, etc. Мосва
260 ## - PUBLICATION, DISTRIBUTION, ETC.
Name of publisher, distributor, etc. Наука Гл. рев. физико-математичеслой лит-ры
260 ## - PUBLICATION, DISTRIBUTION, ETC.
Date of publication, distribution, etc. 1982
300 ## - PHYSICAL DESCRIPTION
Extent 447 с. 20 см.
653 ## - INDEX TERM--UNCONTROLLED
Uncontrolled term Группы и Алгебры Ли Для студ.
942 ## - ADDED ENTRY ELEMENTS (KOHA)
Koha item type წიგნი

არაა ხელმისაწვდომი ეგზემპლარები.